| 000 | 01411nam0a22003011 4500 | ||
|---|---|---|---|
| 001 | rc\4505729 | ||
| 005 | 20130416174240.6 | ||
| 021 |
_aRU _b[57-56305] |
||
| 035 | _a(NLR Aleph) 008615921 | ||
| 090 |
_a8792694 _c8792694 |
||
| 100 | _a20130416d1957 |||y0rusy50 ca | ||
| 101 | 0 | _arus | |
| 102 | _aRU | ||
| 105 | _ay a ||||| | ||
| 200 | 1 |
_aНаучно-атеистическая пропаганда в детской библиотеке _e(Метод. и библиогр. материалы) _fКраснодарская краев. дет. б-ка им. братьев Игнатовых. Метод. отд. |
|
| 210 |
_aКраснодар _cСов. Кубань _d1957 |
||
| 215 |
_a31 с. _d20 |
||
| 300 | _aСост. указаны в конце текста | ||
| 606 |
_aДетские библиотеки _xРабота с научно-атеистической литературой _2psbo |
||
| 606 |
_aНаучно-атеистическая пропаганда _jМатериалы для библиотек _2psbo |
||
| 700 | 1 |
_aКостелова _bЛ. С. _4220 |
|
| 701 | 1 |
_aЛоцманова _bВ. И. _4220 |
|
| 712 | 0 | 2 |
_aКраснодарская краевая детская библиотека им. братьев Игнатовых _3RU\NLR\AUTH\889961135 |
| 801 | 0 |
_aRU _bNLR _gpsbo |
|
| 801 | 1 |
_aRU _bELAR _2rusmarc |
|
| 852 |
_aNLR _jБ 9080/К72 |
||
| 942 | _cBOOK | ||
| 980 | _aNB | ||